000 00570nam a2200217 i 4500
001 bgj
100 1 _aPERRIN, Robert
245 1 0 _aThe Beacon Handbook /
_cRobert Perrin.
250 _a2nd ed.
260 _aBoston [etc.] :
_bHoughton Mifflin,
_cc. 1990.
300 _aXXVIII, 708 pp :
_b19 cm.
505 _aIncludes indexes.
650 9 _aEnglish language
_xRhetoric
650 9 _aEnglish language
_xGrammar
020 _a0395473039
040 _cBPK
041 0 _aeng
920 _a0-395-47303-9
942 _cKS
008 s uk f |000 0 eng
999 _c47705
_d47705
856 _uhttp://koha.tu.koszalin.pl/cgi-bin/koha/opac-detail.pl?biblionumber=47705
_yKatalog online BPK